[Event "Winnipeg op"]
[Site "Winnipeg CAN"]
[Date "2026.02.15"]
[Round "4.12"]
[White "Limpright, Joshua"]
[Black "Kim, Sunyo"]
[Result "1/2-1/2"]
[WhiteElo "1708"]
[BlackElo "1757"]
[WhiteFideId "-1"]
[BlackFideId "-1"]
[PlyCount "215"]
[GameId "2285889403376059"]
[EventDate "2026.02.14"]
[EventType "swiss"]
[EventRounds "5"]
[EventCountry "CAN"]

1. d4 d5 2. Bf4 e6 3. e3 c5 4. c3 Nf6 5. Nf3 Qb6 6. Qb3 Qxb3 7. axb3 Nc6 8. Bb5 Bd7 9. Nbd2 Be7 10. dxc5 Bxc5 11. b4 Bb6 12. Bd6 Rc8 13. O-O a6 14. Bd3 Bc7 15. Bxc7 Rxc7 16. b5 axb5 17. Bxb5 O-O 18. Bxc6 bxc6 19. Ra6 c5 20. Rb6 Ra8 21. Nb1 Kf8 22. h3 Raa7 23. Nbd2 Rcb7 24. Rxb7 Rxb7 25. Rb1 c4 26. Ne5 Ke7 27. f4 Ne8 28. b4 cxb3 29. Rxb3 Rxb3 30. Nxb3 f6 31. Nf3 Nd6 32. Nfd2 Ba4 33. Nc5 Bb5 34. g4 g5 35. fxg5 fxg5 36. Nf3 h6 37. Nd4 e5 38. Nf3 Kf6 39. Kf2 e4 40. Nd4 Bc4 41. Kg3 Bb5 42. Nc2 Ke5 43. Nd4 Be8 44. h4 Nc4 45. hxg5 hxg5 46. Kf2 Nd2 47. Nce6 Nb1 48. Nxg5 Nxc3 49. Nh3 Bd7 50. Kg3 Nd1 51. Nc2 Ba4 52. Ne1 Nxe3 53. g5 Be8 54. Ng1 d4 55. Kf2 Bh5 56. Kg3 d3 57. Nxd3+ exd3 58. Nh3 Nf5+ 59. Kg2 d2 60. Nf2 d1=Q 61. Nxd1 Bxd1 62. Kf2 Nd6 63. Ke3 Kf5 64. Kd2 Bg4 65. Ke3 Kxg5 66. Kd4 Kf5 67. Kc5 Ke5 68. Kc6 Bf3+ 69. Kd7 Nb5 70. Ke7 Bg4 71. Kf8 Kf6 72. Ke8 Nc7+ 73. Kd8 Nd5 74. Ke8 Ke6 75. Kf8 Nc7 76. Kg7 Nd5 77. Kg6 Bf5+ 78. Kg5 Ke5 79. Kh4 Kf4 80. Kh5 Bd3 81. Kh6 Kf5 82. Kg7 Ke6 83. Kh6 Kf6 84. Kh5 Kf5 85. Kh6 Ne7 86. Kg7 Bc4 87. Kf8 Kf6 88. Ke8 Ke6 89. Kf8 Nf5 90. Ke8 Ng7+ 91. Kf8 Nf5 92. Ke8 Bb5+ 93. Kd8 Kd6 94. Kc8 Ne7+ 95. Kb7 Nd5 96. Kc8 Bc6 97. Kd8 Nc7 98. Kc8 Bd5 99. Kd8 Bf7 100. Kc8 Kc6 101. Kd8 Nd5 102. Kc8 Nc7 103. Kd8 Kd6 104. Kc8 Bd5 105. Kd8 Bf3 106. Kc8 Bg4+ 107. Kb7 Nd5 108. Ka6 1/2-1/2

[Event "Winnipeg op"]
[Site "Winnipeg CAN"]
[Date "2026.02.16"]
[Round "5.1"]
[White "Gres, Yakiv"]
[Black "Baron, Gustav"]
[Result "0-1"]
[WhiteElo "2174"]
[BlackElo "2068"]
[WhiteFideId "-1"]
[BlackFideId "-1"]
[PlyCount "72"]
[GameId "2285889403376060"]
[EventDate "2026.02.14"]
[EventType "swiss"]
[EventRounds "5"]
[EventCountry "CAN"]

1. d4 Nf6 2. c4 e6 3. Nf3 b6 4. g3 Ba6 5. Qc2 Bb4+ 6. Nbd2 O-O 7. Bg2 Bb7 8. O-O Bxd2 9. Bxd2 d6 10. Rfe1 Be4 11. Qc3 Nbd7 12. Bf4 Qe7 13. Rad1 Rae8 14. Bf1 Bb7 15. Qa3 a5 16. c5 bxc5 17. Qxa5 Nd5 18. e4 Ra8 19. Qd2 Nxf4 20. gxf4 Rxa2 21. Bc4 Ra7 22. Re3 Qf6 23. d5 Qxf4 24. dxe6 Qg4+ 25. Kh1 Nf6 26. Rg1 Qf4 27. exf7+ Kh8 28. Qe2 Bxe4 29. Rg3 c6 30. Kg1 d5 31. Bd3 Raxf7 32. Ng5 Re7 33. Bxe4 dxe4 34. Kg2 h6 35. Nh3 Qf5 36. Qd2 Nd5 0-1

[Event "Winnipeg op"]
[Site "Winnipeg CAN"]
[Date "2026.02.16"]
[Round "5.2"]
[White "Protsiuk, Svitlana"]
[Black "Vaughan, Nathan"]
[Result "1-0"]
[WhiteElo "2087"]
[BlackElo "1938"]
[WhiteFideId "-1"]
[BlackFideId "-1"]
[PlyCount "65"]
[GameId "2285889403380157"]
[EventDate "2026.02.14"]
[EventType "swiss"]
[EventRounds "5"]
[EventCountry "CAN"]

1. e4 e6 2. d4 d5 3. exd5 exd5 4. c4 Nf6 5. Nf3 Bb4+ 6. Nc3 O-O 7. Be2 dxc4 8. Bxc4 Bg4 9. Be3 Nc6 10. O-O Bh5 11. Be2 Nd5 12. Qb3 Bxc3 13. bxc3 Nxe3 14. fxe3 Qe7 15. Rf2 Qxe3 16. Raf1 Rab8 17. Kh1 Qe7 18. Ne5 Nxe5 19. Bxh5 Ng6 20. Be2 b5 21. Qd5 Rb6 22. Bxb5 Rd6 23. Qb3 Rb6 24. Qd5 Rd6 25. Qc4 c6 26. Ba4 Qc7 27. Bb3 Rd7 28. Rf5 Nh8 29. Rc5 Rc8 30. Ba4 Rd6 31. d5 Rxd5 32. Rxc6 Rc5 33. Qxc5 1-0

[Event "Winnipeg op"]
[Site "Winnipeg CAN"]
[Date "2026.02.16"]
[Round "5.3"]
[White "Nagelberg, Alan"]
[Black "Zhou, Joe"]
[Result "1/2-1/2"]
[WhiteElo "1970"]
[BlackElo "1918"]
[WhiteFideId "-1"]
[BlackFideId "-1"]
[PlyCount "106"]
[GameId "2285889403384254"]
[EventDate "2026.02.14"]
[EventType "swiss"]
[EventRounds "5"]
[EventCountry "CAN"]

1. d4 d5 2. Nf3 Nf6 3. e3 Bf5 4. Bd3 Bxd3 5. Qxd3 c6 6. O-O e6 7. Nbd2 Bd6 8. Re1 O-O 9. e4 dxe4 10. Nxe4 Nxe4 11. Rxe4 Qf6 12. Bg5 Qf5 13. Rae1 Nd7 14. Qb3 b6 15. Bd2 Nf6 16. Rh4 Rfd8 17. c4 c5 18. Bc3 cxd4 19. Nxd4 Qg6 20. Nc6 Rdc8 21. Ne5 Bxe5 22. Bxe5 Rd8 23. Qf3 Rac8 24. Qb7 Qg5 25. Rd4 Ng4 26. Bf4 Qc5 27. Rxd8+ Rxd8 28. Qf3 Nf6 29. Rd1 Rxd1+ 30. Qxd1 h6 31. Qd8+ Kh7 32. Qd3+ Kg8 33. h3 Qb4 34. Qd8+ Kh7 35. Qd3+ Kg8 36. b3 Qe1+ 37. Qf1 Qe4 38. Qc1 Nd7 39. Qd2 Nc5 40. Be3 Qb1+ 41. Kh2 Qf5 42. Qd8+ Kh7 43. Qc7 Nd3 44. Qxa7 Qe5+ 45. Kg1 Qa1+ 46. Kh2 Qe5+ 47. g3 Qe4 48. Kg1 Qf3 49. Qd7 Qd1+ 50. Kh2 Qe2 51. Qxf7 Ne5 52. Qf4 Nf3+ 53. Kg2 Ne1+ 1/2-1/2

[Event "Winnipeg op"]
[Site "Winnipeg CAN"]
[Date "2026.02.16"]
[Round "5.4"]
[White "Fehr, Brody"]
[Black "Bilugan, Mason"]
[Result "0-1"]
[WhiteElo "2044"]
[BlackElo "2005"]
[WhiteFideId "-1"]
[BlackFideId "-1"]
[PlyCount "64"]
[GameId "2285889403384255"]
[EventDate "2026.02.14"]
[EventType "swiss"]
[EventRounds "5"]
[EventCountry "CAN"]

1. d4 Nf6 2. c4 e6 3. g3 Bb4+ 4. Bd2 Qe7 5. Bg2 Bxd2+ 6. Qxd2 d6 7. Nc3 Nbd7 8. e4 e5 9. d5 a5 10. b3 Nc5 11. Nge2 O-O 12. O-O Ng4 13. h3 Nh6 14. g4 f6 15. Qc2 g6 16. Ng3 f5 17. f3 Qh4 18. Nge2 fxg4 19. hxg4 Bxg4 20. f4 Bxe2 21. Nxe2 Ng4 22. Rf3 exf4 23. Bh3 Ne3 24. Qc3 g5 25. Kh1 Nxe4 26. Qd4 Rae8 27. Rg1 Nf5 28. Qb2 Nfg3+ 29. Nxg3 Qxh3+ 30. Qh2 Nxg3+ 31. Rgxg3 Re1+ 32. Rg1 Qxf3+ 0-1

[Event "Winnipeg op"]
[Site "Winnipeg CAN"]
[Date "2026.02.16"]
[Round "5.5"]
[White "Wang, Lucas"]
[Black "Moncal, Nilo"]
[Result "0-1"]
[WhiteElo "1946"]
[BlackElo "2034"]
[WhiteFideId "-1"]
[BlackFideId "-1"]
[PlyCount "112"]
[GameId "2285889403384256"]
[EventDate "2026.02.14"]
[EventType "swiss"]
[EventRounds "5"]
[EventCountry "CAN"]

1. d4 e6 2. Nc3 c5 3. dxc5 Bxc5 4. Bf4 Qb6 5. e3 a6 6. Na4 Qa5+ 7. c3 Be7 8. Be5 Qxe5 9. Nb6 Nc6 10. Nxa8 Bd8 11. Nf3 Qb8 12. Nd4 Qxa8 13. Nxc6 bxc6 14. Be2 d5 15. O-O Nf6 16. c4 O-O 17. c5 e5 18. b4 Ne4 19. Bd3 f5 20. f3 Nf6 21. e4 fxe4 22. fxe4 Be6 23. exd5 Bxd5 24. Qe2 Qb8 25. a3 a5 26. Rab1 e4 27. Bc4 Qe5 28. Bxd5+ Nxd5 29. Rxf8+ Kxf8 30. Rf1+ Nf6 31. Qd2 Bc7 32. g3 h5 33. Kg2 h4 34. Qf4 Qxf4 35. gxf4 axb4 36. axb4 Nd5 37. Kh3 Bxf4 38. Kxh4 Ke7 39. h3 g5+ 40. Kh5 Ke6 41. Re1 Kf5 42. Rh1 e3 43. b5 cxb5 44. c6 Nf6+ 45. Kh6 g4+ 46. Kg7 g3 47. Kf7 g2 48. Rg1 e2 49. h4 Nd5 50. h5 Be3 51. c7 Nxc7 52. h6 Bxg1 53. h7 e1=Q 54. h8=Q Qe6+ 55. Kf8 Bc5+ 56. Kg7 Qg6# 0-1

[Event "Winnipeg op"]
[Site "Winnipeg CAN"]
[Date "2026.02.16"]
[Round "5.6"]
[White "Lake, Pablo"]
[Black "Punay, Rhailey"]
[Result "0-1"]
[Annotator "aboro"]
[WhiteElo "1707"]
[BlackElo "2017"]
[WhiteFideId "-1"]
[BlackFideId "-1"]
[PlyCount "104"]
[GameId "2285889403388353"]
[EventDate "2026.02.14"]
[EventType "swiss"]
[EventRounds "5"]
[EventCountry "CAN"]

1. e4 e5 2. Nc3 Nc6 3. Bc4 Nf6 4. d3 Bc5 5. f4 d6 6. Nf3 Bg4 7. Na4 Bxf3 8. Qxf3 Nd4 9. Qg3 Qe7 10. Nxc5 exf4 11. Qf2 dxc5 12. c3 Ne6 13. Bxf4 Ng4 14. Qf3 Nxf4 15. Qxf4 Ne5 16. O-O Nxc4 17. dxc4 O-O 18. Rae1 Rad8 19. Rf3 Rd6 20. e5 Re6 21. Rh3 Re8 22. Qe4 h6 23. Qxb7 Rxe5 24. Rxe5 Qxe5 25. Rf3 Qe1+ 26. Rf1 Qe3+ 27. Kh1 Qf2 28. Qf3 Qxf3 29. gxf3 Re2 30. Rd1 Rxb2 31. Rd8+ Kh7 32. Rd7 Rxa2 33. Rxf7 c6 34. Rc7 Ra4 35. Rxc6 Rxc4 36. Ra6 Rxc3 37. Kg2 Rc2+ 38. Kg3 Rb2 39. Rxa7 Kg6 40. Rc7 Rb5 41. h4 h5 42. Kf4 Rb4+ 43. Ke5 Rxh4 44. Rxc5 Ra4 45. Rc1 h4 46. Rh1 Kh5 47. Rg1 g5 48. Rh1 Rf4 49. Rh3 Ra4 50. Rh1 g4 51. fxg4+ Kxg4 52. Rg1+ Kf3 0-1

[Event "Winnipeg op"]
[Site "Winnipeg CAN"]
[Date "2026.02.16"]
[Round "5.7"]
[White "Jin, Winston"]
[Black "Ling, Aiden"]
[Result "1/2-1/2"]
[WhiteElo "1792"]
[BlackElo "1771"]
[WhiteFideId "-1"]
[BlackFideId "-1"]
[PlyCount "86"]
[GameId "2285889403388354"]
[EventDate "2026.02.14"]
[EventType "swiss"]
[EventRounds "5"]
[EventCountry "CAN"]

1. e4 c5 2. c3 Nf6 3. e5 Nd5 4. d4 cxd4 5. cxd4 d6 6. Nf3 Nc6 7. Bc4 Nb6 8. Bb3 a5 9. a4 dxe5 10. d5 Nd4 11. Nxd4 exd4 12. Qxd4 e6 13. O-O Nxd5 14. Re1 Nf6 15. Qxd8+ Kxd8 16. Nc3 Bb4 17. Bg5 Bd7 18. Bxf6+ gxf6 19. Re3 Bxc3 20. Rxc3 Rc8 21. Rd3 Ke7 22. Re1 Bc6 23. Rh3 h5 24. Bd1 h4 25. Bf3 Bxf3 26. Rxf3 Rc2 27. Rb3 Rd8 28. Rxb7+ Kf8 29. b4 Rdd2 30. Rf1 Rd4 31. bxa5 Rxa4 32. Rb5 Rca2 33. Rh5 Rc2 34. Rb1 Rca2 35. h3 Ra1 36. Rxa1 Rxa1+ 37. Kh2 Kg7 38. Rxh4 Rxa5 39. Kg3 Kg6 40. Rg4+ Kh6 41. Rh4+ Kg6 42. Rb4 Rg5+ 43. Rg4 Kh5 1/2-1/2

[Event "Winnipeg op"]
[Site "Winnipeg CAN"]
[Date "2026.02.16"]
[Round "5.8"]
[White "Bonness, Will"]
[Black "Hui, Zelus"]
[Result "1/2-1/2"]
[WhiteElo "1890"]
[BlackElo "1810"]
[WhiteFideId "-1"]
[BlackFideId "-1"]
[PlyCount "128"]
[GameId "2285889403388355"]
[EventDate "2026.02.14"]
[EventType "swiss"]
[EventRounds "5"]
[EventCountry "CAN"]

1. e4 e6 2. d4 d5 3. exd5 exd5 4. Nf3 Nf6 5. Bd3 Bd6 6. Qe2+ Be6 7. O-O O-O 8. Bg5 h6 9. Bh4 Re8 10. Ne5 Nbd7 11. f4 Nf8 12. Qf2 Be7 13. Qf3 c6 14. c3 Ne4 15. Bxe7 Rxe7 16. f5 Bd7 17. Bxe4 dxe4 18. Qe3 f6 19. Nxd7 Qxd7 20. Nd2 Nh7 21. Rae1 Rae8 22. h4 Qd5 23. b3 Nf8 24. Rf4 Nd7 25. Nf1 Nb6 26. Qf2 Nc8 27. Ne3 Qa5 28. c4 Nd6 29. d5 c5 30. Re2 a6 31. a4 Qc3 32. Rb2 Qd4 33. Qd2 b6 34. Kh1 a5 35. Qe2 Qe5 36. Rf1 Qg3 37. Qf2 Qxf2 38. Rfxf2 Re5 39. Rb1 Kh7 40. h5 Kg8 41. g4 Kf7 42. Re2 Ke7 43. Kg2 Nf7 44. Nc2 Nd6 45. Rbe1 Kd7 46. Ne3 Kc7 47. Kf2 Kd7 48. Kf1 Kc8 49. Kf2 Kb7 50. Ng2 Kc8 51. Re3 Kb7 52. Nf4 Rd8 53. Ne6 Rd7 54. Nf8 Rf7 55. Ne6 Kc8 56. Kg3 Kd7 57. Kf4 Kc8 58. R1e2 Kd7 59. Kg3 Kc8 60. Kf4 Kd7 61. Kg3 Kc8 62. Nf4 Kd7 63. Ng6 Re8 64. Nf4 Re5 1/2-1/2

[Event "Winnipeg op"]
[Site "Winnipeg CAN"]
[Date "2026.02.16"]
[Round "5.9"]
[White "Orcullo, Fernando"]
[Black "Pottinger, Carl"]
[Result "1/2-1/2"]
[WhiteElo "2018"]
[BlackElo "1833"]
[WhiteFideId "-1"]
[BlackFideId "-1"]
[PlyCount "124"]
[GameId "2285889403392452"]
[EventDate "2026.02.14"]
[EventType "swiss"]
[EventRounds "5"]
[EventCountry "CAN"]

1. e4 c5 2. c3 d5 3. e5 Nc6 4. f4 g6 5. Nf3 Bg4 6. Be2 Bg7 7. O-O e6 8. d3 Nge7 9. d4 cxd4 10. Nxd4 Bxe2 11. Qxe2 Nxd4 12. cxd4 O-O 13. Be3 Qb6 14. Nc3 Nf5 15. Bf2 Rfc8 16. Rad1 a6 17. g4 Ne7 18. Be3 Qa5 19. a3 b5 20. Na2 Rc7 21. Bd2 Qb6 22. Bb4 Nc6 23. Bc5 Qb7 24. b4 Bf8 25. f5 Bxc5 26. bxc5 a5 27. Qe3 b4 28. Qh6 Qc8 29. Rf3 Qf8 30. Qe3 Qg7 31. fxe6 fxe6 32. Rf6 Re7 33. a4 g5 34. Rdf1 Rae8 35. Nc1 Nd8 36. Nb3 Ra7 37. Qd3 Qd7 38. R1f3 Qxa4 39. Qf1 Qd7 40. c6 Nxc6 41. Nc5 Qe7 42. Nxe6 Qxe6 43. Rxe6 Rxe6 44. Rf8+ Kg7 45. Rc8 Rf7 46. Qd3 Rf4 47. Rc7+ Ne7 48. h3 a4 49. Ra7 a3 50. Qb3 Rxd4 51. Qe3 Rf4 52. Qc5 Rf7 53. Qxb4 Rxe5 54. Qd4 Ng6 55. Rxa3 Rf4 56. Ra7+ Kh6 57. Qb6 Rfe4 58. Ra6 d4 59. Qd6 Re1+ 60. Kg2 R5e2+ 61. Kg3 Re3+ 62. Kg2 R3e2+ 1/2-1/2

[Event "Winnipeg op"]
[Site "Winnipeg CAN"]
[Date "2026.02.16"]
[Round "5.10"]
[White "Klokow, John"]
[Black "Minano, John"]
[Result "1-0"]
[WhiteElo "1883"]
[BlackElo "1711"]
[WhiteFideId "-1"]
[BlackFideId "-1"]
[PlyCount "107"]
[GameId "2285889403392453"]
[EventDate "2026.02.14"]
[EventType "swiss"]
[EventRounds "5"]
[EventCountry "CAN"]

1. e4 c5 2. Nf3 d6 3. d4 cxd4 4. Nxd4 Nf6 5. Nc3 a6 6. Be2 e6 7. g4 h6 8. h4 Be7 9. Rg1 Qc7 10. g5 hxg5 11. hxg5 Ng8 12. g6 f6 13. Bg4 Qc4 14. Qd3 Qxd3 15. cxd3 f5 16. exf5 exf5 17. Bxf5 Nc6 18. Nxc6 bxc6 19. Bxc8 Rxc8 20. Bf4 Kd7 21. Kd2 Rb8 22. Rab1 Nf6 23. b3 Rb4 24. Be3 d5 25. Ne2 Rg4 26. Nd4 c5 27. Nf5 d4 28. Bg5 Ne4+ 29. dxe4 Bxg5+ 30. Kd3 Rxg1 31. Rxg1 Rh3+ 32. Kc4 Rc3+ 33. Kd5 Bf6 34. e5 Rf3 35. exf6 Rxf5+ 36. Kc4 Rxf6 37. Kxc5 Rxf2 38. Kxd4 Rf6 39. a4 Rd6+ 40. Kc4 Rc6+ 41. Kb4 Rb6+ 42. Ka5 Rxb3 43. Rf1 Re3 44. Rf7+ Re7 45. Rxe7+ Kxe7 46. Kxa6 Kf6 47. Kb6 Kxg6 48. a5 Kf5 49. a6 g5 50. a7 Kf4 51. a8=Q Kg3 52. Qh1 g4 53. Qg1+ Kh3 54. Kc5 1-0

[Event "Winnipeg op"]
[Site "Winnipeg CAN"]
[Date "2026.02.16"]
[Round "5.11"]
[White "Kim, Sunyo"]
[Black "Moeez, Abdul"]
[Result "0-1"]
[WhiteElo "1757"]
[BlackElo "1816"]
[WhiteFideId "-1"]
[BlackFideId "-1"]
[PlyCount "142"]
[GameId "2285889403392454"]
[EventDate "2026.02.14"]
[EventType "swiss"]
[EventRounds "5"]
[EventCountry "CAN"]

1. d4 d5 2. Nf3 Nf6 3. e3 Bf5 4. c4 c6 5. Nc3 e6 6. Be2 Bb4 7. a3 Bxc3+ 8. bxc3 Ne4 9. Qb3 Qb6 10. Qxb6 axb6 11. Bb2 dxc4 12. Bxc4 b5 13. Be2 h6 14. O-O Nd6 15. Nd2 Nd7 16. c4 bxc4 17. Nxc4 Nxc4 18. Bxc4 Nb6 19. Be2 Na4 20. Bc1 Nc3 21. Bf3 O-O 22. Bd2 Ne4 23. Bb4 Rfe8 24. g3 e5 25. Bxe4 Bxe4 26. Bc5 Ra5 27. Rfc1 Rb5 28. a4 Rb3 29. a5 f6 30. Kf1 Kf7 31. Ke2 Rb2+ 32. Kf1 exd4 33. Bxd4 Rb5 34. a6 b6 35. Ra3 c5 36. Bc3 Ra8 37. a7 Ke6 38. Rd1 Rb1 39. Rxb1 Bxb1 40. Ke2 Kd5 41. Bd2 Kc6 42. e4 c4 43. Bf4 Bxe4 44. Bb8 b5 45. Kd2 b4 46. Re3 c3+ 47. Kc1 Kd5 48. f3 Bg6 49. Re7 b3 50. Rd7+ Ke6 51. Rd6+ Ke7 52. Rb6 b2+ 53. Rxb2 cxb2+ 54. Kxb2 Ke6 55. Kc3 Kd5 56. Kd2 Kd4 57. Ke2 Bh5 58. Kf2 Kd3 59. g4 Bf7 60. f4 Be6 61. g5 fxg5 62. fxg5 h5 63. Kf3 g6 64. Kf4 Kd4 65. Be5+ Kd5 66. Bb8 Kc6 67. Ke5 Bf5 68. h4 Kb7 69. Kd6 Rxa7 70. Bxa7 Kxa7 71. Kc7 Be4 0-1

[Event "Winnipeg op"]
[Site "Winnipeg CAN"]
[Date "2026.02.16"]
[Round "5.12"]
[White "Zhang, Nicole"]
[Black "Limpright, Joshua"]
[Result "1-0"]
[WhiteElo "1844"]
[BlackElo "1708"]
[WhiteFideId "-1"]
[BlackFideId "-1"]
[PlyCount "93"]
[GameId "2285889403396551"]
[EventDate "2026.02.14"]
[EventType "swiss"]
[EventRounds "5"]
[EventCountry "CAN"]

1. e4 c6 2. d4 d5 3. Nc3 e6 4. Nf3 Bb4 5. e5 Ne7 6. Bd3 Nd7 7. O-O c5 8. a3 Ba5 9. dxc5 Bxc3 10. bxc3 Nxc5 11. Be3 Na4 12. Qd2 Bd7 13. c4 dxc4 14. Bxc4 a6 15. Rab1 Bc6 16. Nd4 b5 17. Bb3 Nb6 18. Rfd1 Nbd5 19. Nxc6 Nxc6 20. Bxd5 Qxd5 21. Qxd5 exd5 22. Rxd5 O-O 23. f4 Ne7 24. Rd7 Nf5 25. Bf2 Rfc8 26. Rbd1 g6 27. R1d2 Kg7 28. e6 Kf6 29. Rxf7+ Kxe6 30. Rxh7 Rc3 31. Re2+ Kd5 32. g4 Nd6 33. Kg2 Nc4 34. Rd7+ Kc6 35. Ree7 Rc8 36. Ra7 Rxa3 37. Re6+ Nd6 38. Rxg6 Kd5 39. Rd7 Rc6 40. h4 Rac3 41. h5 Rxc2 42. h6 Re2 43. h7 Re8 44. Rg8 Rcc8 45. h8=Q Rxg8 46. Qd4+ Ke6 47. Qxd6# 1-0

[Event "Winnipeg op U1800"]
[Site "Winnipeg CAN"]
[Date "2026.02.14"]
[Round "1.14"]
[White "Li, Yuchen"]
[Black "Hui, Zenas"]
[Result "1-0"]
[WhiteElo "1749"]
[BlackElo "1529"]
[WhiteFideId "-1"]
[BlackFideId "-1"]
[PlyCount "103"]
[GameId "2285889505673711"]
[EventDate "2026.02.14"]
[EventType "swiss"]
[EventRounds "5"]
[EventCountry "CAN"]

1. e4 c5 2. c3 d5 3. exd5 Qxd5 4. d4 cxd4 5. cxd4 Nc6 6. Be3 Nf6 7. Nc3 Qd8 8. h3 g6 9. Nf3 Bg7 10. d5 Nb8 11. Bc4 O-O 12. O-O b6 13. Qd2 Bb7 14. Bf4 Nbd7 15. Rfe1 Rc8 16. Qe2 Nc5 17. Rad1 Re8 18. Ne5 Nfd7 19. Nb5 Nxe5 20. Bxe5 Bxe5 21. Qxe5 Ba6 22. Qe2 Nb7 23. b3 Nd6 24. Nxd6 Bxc4 25. Nxc4 Qd7 26. Qg4 Qxg4 27. hxg4 Rc7 28. d6 Rd7 29. dxe7 Rexe7 30. Rxe7 Rxe7 31. Ne3 Rc7 32. Kh2 f5 33. Rd8+ Kf7 34. gxf5 gxf5 35. Nxf5 Rc2 36. Kg3 Rxa2 37. Rd3 Ra5 38. Kf4 Ra2 39. Rf3 Ra5 40. g4 Kf6 41. Rh3 Ra2 42. Rh6+ Kf7 43. Rxh7+ Kg8 44. Rh2 Ra3 45. Rh3 a5 46. Re3 a4 47. bxa4 Rxa4+ 48. Re4 Ra2 49. f3 Rb2 50. g5 b5 51. g6 b4 52. Re8# 1-0

[Event "Winnipeg op U1800"]
[Site "Winnipeg CAN"]
[Date "2026.02.14"]
[Round "1.15"]
[White "Essery, Richard"]
[Black "Hansima, Charitha"]
[Result "0-1"]
[WhiteElo "1524"]
[BlackElo "1729"]
[WhiteFideId "-1"]
[BlackFideId "-1"]
[PlyCount "64"]
[GameId "2285889505731056"]
[EventDate "2026.02.14"]
[EventType "swiss"]
[EventRounds "5"]
[EventCountry "CAN"]

1. d4 e5 2. dxe5 d6 3. Nf3 Nc6 4. Bf4 Bg4 5. Nbd2 d5 6. e3 Bc5 7. c3 Qd7 8. Bb5 O-O-O 9. O-O h5 10. a4 h4 11. b4 Be7 12. Qc2 Qe6 13. Nd4 Nxd4 14. exd4 g5 15. Be3 Nh6 16. f3 Bf5 17. Bd3 Bxd3 18. Qxd3 Nf5 19. Bf2 Rdg8 20. Nb3 g4 21. Nc5 Bxc5 22. bxc5 g3 23. Be1 h3 24. Bxg3 Nxg3 25. hxg3 hxg2 26. Kxg2 Qh3+ 27. Kf2 Qxg3+ 28. Ke2 Rh2+ 29. Kd1 Qf4 30. Rb1 Rgg2 31. Ke1 Rd2 32. Qb5 Qg3+ 0-1

[Event "Winnipeg op U1800"]
[Site "Winnipeg CAN"]
[Date "2026.02.14"]
[Round "1.16"]
[White "Melnyk, James"]
[Black "Sarao, Karanveer Singh"]
[Result "0-1"]
[WhiteElo "1700"]
[BlackElo "1492"]
[WhiteFideId "-1"]
[BlackFideId "-1"]
[PlyCount "178"]
[GameId "2285889505739249"]
[EventDate "2026.02.14"]
[EventType "swiss"]
[EventRounds "5"]
[EventCountry "CAN"]

1. e4 c5 2. c3 d5 3. exd5 Qxd5 4. Nf3 Nf6 5. Na3 a6 6. Be2 e6 7. O-O Be7 8. Re1 Nc6 9. Nc4 Qd8 10. d4 b5 11. Nce5 Bb7 12. Be3 cxd4 13. Nxc6 Bxc6 14. Bxd4 O-O 15. Ne5 Bd5 16. Bf3 Qc7 17. a3 Rfd8 18. Qe2 Bc5 19. Rad1 Rac8 20. Qe3 Bxd4 21. Rxd4 Bxf3 22. Rxd8+ Rxd8 23. Nxf3 Qd6 24. h3 h6 25. Nd4 Nd5 26. Qc1 Re8 27. Qc2 Rc8 28. Qe4 Rc4 29. Qe5 Qd7 30. Rd1 Rc8 31. Re1 Re8 32. Rd1 Rd8 33. Rd3 Qd6 34. Qxd6 Rxd6 35. g3 Nb6 36. Re3 Nc4 37. Re2 Kh7 38. Kg2 Rd5 39. f4 a5 40. Kf3 e5 41. fxe5 Rxe5 42. Rxe5 Nxe5+ 43. Ke4 Nc4 44. Nxb5 Nxb2 45. Kd5 g5 46. c4 f5 47. c5 Na4 48. c6 f4 49. gxf4 gxf4 50. Nd4 Kg6 51. Kd6 Kg5 52. Kd7 Kh4 53. c7 Nb6+ 54. Kd8 Kxh3 55. c8=Q+ Nxc8 56. Kxc8 Kg3 57. Nf5+ Kg4 58. Nxh6+ Kg5 59. Nf7+ Kf5 60. Nd6+ Ke5 61. Nc4+ Kd4 62. Nd2 a4 63. Kb7 Kc3 64. Nf3 Kb3 65. Kb6 Kxa3 66. Kb5 Kb3 67. Nd4+ Kc3 68. Ne2+ Kd2 69. Nxf4 a3 70. Nd5 a2 71. Nb4 a1=Q 72. Kc4 Qa4 73. Kc5 Kc3 74. Nd5+ Kb3 75. Kd6 Qd4 76. Ke6 Kc4 77. Nf6 Kc5 78. Nd7+ Kc6 79. Nf6 Qe3+ 80. Kf5 Kd6 81. Ng4 Qf3+ 82. Kg5 Ke6 83. Nh6 Qf6+ 84. Kh5 Qg7 85. Ng4 Kf5 86. Ne3+ Kf4 87. Nd5+ Ke5 88. Ne3 Qf7+ 89. Kh4 Qf2+ 0-1

[Event "Winnipeg op U1800"]
[Site "Winnipeg CAN"]
[Date "2026.02.14"]
[Round "1.17"]
[White "Odeyemi, Emmanuel"]
[Black "Patel, Jaimin"]
[Result "0-1"]
[WhiteElo "1481"]
[BlackElo "1688"]
[WhiteFideId "-1"]
[BlackFideId "-1"]
[PlyCount "104"]
[GameId "2285889505739250"]
[EventDate "2026.02.14"]
[EventType "swiss"]
[EventRounds "5"]
[EventCountry "CAN"]

1. e4 c5 2. a3 e6 3. d3 Nc6 4. Nf3 g6 5. Bg5 Qb6 6. Qc1 Bg7 7. c3 d5 8. exd5 exd5 9. Be2 Nf6 10. O-O O-O 11. Qc2 Re8 12. Re1 h6 13. Bf4 Nh5 14. Be3 d4 15. Bd2 Bg4 16. a4 dxc3 17. Nxc3 Nb4 18. Qb1 Rad8 19. a5 Qc6 20. Ne4 Rxe4 21. dxe4 Bxf3 22. Bxb4 Bxe2 23. Rxe2 cxb4 24. g3 Bf8 25. Qe1 Qb5 26. e5 Ng7 27. Re4 Ne6 28. h4 h5 29. Kh2 Qd5 30. a6 b6 31. Re3 Bc5 32. Re4 Qd2 33. Kg2 Qxb2 34. Re2 Qc3 35. Qb1 Qd3 36. Qe1 b3 37. Rc1 Qxa6 38. Rd2 Rxd2 39. Qxd2 Bd4 40. Rc6 Qb7 41. Qc1 b2 42. Qc4 b1=Q 43. Kh2 Qf5 44. f4 Bc5 45. Qd5 Qe7 46. Rc8+ Kg7 47. Qa8 Qc2+ 48. Kh3 Qf5+ 49. Kh2 Nf8 50. Re8 Qed7 51. e6 Qd2+ 52. Kh1 Qb1# 0-1

[Event "Winnipeg op U1800"]
[Site "Winnipeg CAN"]
[Date "2026.02.14"]
[Round "1.18"]
[White "Breadner, David"]
[Black "Jo, Asher"]
[Result "1-0"]
[WhiteElo "1671"]
[BlackElo "1453"]
[WhiteFideId "-1"]
[BlackFideId "-1"]
[PlyCount "109"]
[GameId "2285889505751539"]
[EventDate "2026.02.14"]
[EventType "swiss"]
[EventRounds "5"]
[EventCountry "CAN"]

1. d4 Nf6 2. c4 g6 3. Nc3 Bg7 4. e4 d6 5. Nf3 O-O 6. h3 b6 7. Be2 Bb7 8. d5 e6 9. Bg5 Qd7 10. Qc2 exd5 11. cxd5 c6 12. Rd1 cxd5 13. exd5 Re8 14. O-O Na6 15. Bb5 Qc7 16. Bxf6 Bxf6 17. Bxe8 Rxe8 18. Qd2 Nb4 19. a3 Bxc3 20. Qxc3 Qxc3 21. bxc3 Nxd5 22. c4 Nf4 23. Rxd6 Bxf3 24. gxf3 Nxh3+ 25. Kg2 Nf4+ 26. Kg3 Nh5+ 27. Kg4 Rc8 28. Rc1 b5 29. c5 Kg7 30. c6 f5+ 31. Kh3 Nf4+ 32. Kh2 Kf8 33. Rd7 Ne6 34. Rxh7 Ng5 35. Rh8+ Kg7 36. Rxc8 Nxf3+ 37. Kg3 Ng5 38. Ra8 Ne4+ 39. Kg2 Nd6 40. Rxa7+ Kf6 41. c7 Nc8 42. Ra8 Nb6 43. c8=Q Nxc8 44. Raxc8 Kg5 45. R8c5 Kf4 46. Rxb5 Kg5 47. Rc4 Kf6 48. f4 Kg7 49. Kh3 Kh6 50. Kh4 Kg7 51. Kg5 Kf7 52. Re5 Kg7 53. Rc7+ Kf8 54. Kxg6 Kg8 55. Re8# 1-0

[Event "Winnipeg op U1800"]
[Site "Winnipeg CAN"]
[Date "2026.02.14"]
[Round "1.19"]
[White "Pacin, Ondrej"]
[Black "Johnston, Devin"]
[Result "1-0"]
[WhiteElo "1428"]
[BlackElo "1607"]
[WhiteFideId "-1"]
[BlackFideId "-1"]
[PlyCount "77"]
[GameId "2285889505751540"]
[EventDate "2026.02.14"]
[EventType "swiss"]
[EventRounds "5"]
[EventCountry "CAN"]

1. e4 c5 2. Nf3 Nc6 3. c3 Nf6 4. e5 Nd5 5. d4 cxd4 6. cxd4 d6 7. exd6 Qxd6 8. Be2 g6 9. Nc3 Bg7 10. O-O O-O 11. Be3 Nf4 12. Qd2 Nxe2+ 13. Nxe2 Bg4 14. Bf4 e5 15. dxe5 Qxd2 16. Bxd2 Bxf3 17. gxf3 Nxe5 18. Kg2 Rfe8 19. Nc3 Nc4 20. Bc1 Bxc3 21. bxc3 Re2 22. Bf4 Rae8 23. Kg1 Rc2 24. Rab1 Nd2 25. Bxd2 Rxd2 26. Rxb7 Rxa2 27. c4 a5 28. c5 Rc8 29. Rc1 Rc6 30. Rb6 Rxb6 31. cxb6 Rd2 32. Rc8+ Kg7 33. b7 Rd1+ 34. Kg2 Rb1 35. b8=Q Rxb8 36. Rxb8 h5 37. Ra8 Kh6 38. Rxa5 f5 39. h4 1-0